世界の地下鉄(メトロ)が走る町 - Statistics

General Stats
  • This quiz has been taken 759 times
    571 since last reset
  • The average score is 84 of 225
Answer Stats
地域 駅名 % Correct
アジア 日本 東京
98%
アジア 日本 札幌
97%
アジア 日本 大阪
97%
アジア 日本 福岡
96%
アジア 日本 仙台
95%
アジア 日本 横浜
95%
アジア 日本 名古屋
94%
アジア 日本 京都
94%
アジア 日本 神戸
93%
アジア 韓国 ソウル
92%
アジア 日本 広島
90%
アジア 北朝鮮 平壌
90%
アジア 日本 さいたま
87%
アジア 中国 北京
87%
アジア 韓国 釜山
85%
アジア 中国/台港澳 台北
80%
ヨーロッパ ロシア モスクワ
80%
アジア 中国 上海
78%
アジア タイ バンコク
78%
アジア シンガポール シンガポール
78%
ヨーロッパ イギリス ロンドン
78%
ヨーロッパ フランス パリ
77%
アジア 中国 香港
75%
アジア ベトナム ハノイ
75%
アジア インドネシア ジャカルタ
74%
アジア マレーシア クアラルンプール
72%
アジア フィリピン マニラ
72%
アジア インド デリー
71%
ヨーロッパ ドイツ ベルリン
71%
アメリカ アメリカ ニューヨーク
71%
アジア 韓国 仁川
70%
ヨーロッパ イタリア ローマ
68%
ヨーロッパ ウクライナ キーウ
67%
アフリカ エジプト カイロ
67%
ヨーロッパ オランダ アムステルダム
66%
ヨーロッパ スペイン マドリード
65%
ヨーロッパ オーストリア ウィーン
65%
アジア トルコ イスタンブール
64%
アメリカ アメリカ ロサンゼルス
64%
ヨーロッパ ノルウェー オスロ
63%
ヨーロッパ ポルトガル リスボン
63%
ヨーロッパ ギリシャ アテネ
63%
アメリカ カナダ オタワ
63%
アメリカ メキシコ メキシコシティ
63%
アジア イラン テヘラン
62%
アジア トルコ アンカラ
61%
ヨーロッパ ベルギー ブリュッセル
61%
ヨーロッパ ロシア サンクトペテルブルク
61%
オセアニア オーストリア シドニー
61%
アジア 中国/台港澳 マカオ
60%
アジア アラブ首長国連邦 ドバイ
60%
ヨーロッパ スウェーデン ストックホルム
60%
アメリカ ブラジル ブラジリア
60%
アジア 中国 南京
59%
アジア 中国/台港澳 高雄
58%
ヨーロッパ フィンランド ヘルシンキ
58%
ヨーロッパ スペイン バルセロナ
58%
ヨーロッパ ポーランド ワルシャワ
58%
アメリカ ブラジル リオ・デ・ジャネイロ
58%
アジア 中国 広州
57%
ヨーロッパ イタリア ミラノ
57%
アメリカ カナダ バンクーバー
57%
アジア 中国/台港澳 台中
56%
アメリカ アメリカ サンフランシスコ
56%
アジア 韓国 大邱
55%
アジア 中国 重慶
55%
アジア バングラデシュ ダッカ
55%
アメリカ アメリカ シカゴ
55%
アメリカ アルゼンチン ブエノス・アイレス
55%
アジア インド ムンバイ
53%
ヨーロッパ チェコ プラハ
53%
アフリカ アルジェリア アルジェ
53%
ヨーロッパ ドイツ フランクフルト
52%
ヨーロッパ ドイツ ミュンヘン
52%
オセアニア オーストリア メルボルン
52%
アジア カタール ドーハ
51%
アメリカ カナダ トロント
51%
アメリカ ブラジル サンパウロ
51%
アジア 中国 大連
50%
アジア 中国 天津
50%
ヨーロッパ ハンガリー ブダペスト
50%
アジア 中国 武漢
49%
アメリカ アメリカ ボストン
47%
アジア アゼルバイジャン バクー
46%
ヨーロッパ フランス マルセイユ
46%
アジア 中国 深圳
45%
アメリカ ペルー リマ
45%
ヨーロッパ ブルガリア ソフィア
44%
アメリカ カナダ モントリオール
44%
アジア 中国 杭州
43%
アジア 韓国 大田
42%
アジア 中国 ハルビン
42%
アジア インド コルカタ
42%
ヨーロッパ ベラルーシ ミンスク
42%
ヨーロッパ ルーマニア ブカレスト
42%
アメリカ パナマ パナマシティ
42%
アメリカ チリ サンティアゴ
42%
アジア 中国 西安
41%
アジア サウジアラビア メッカ
41%
ヨーロッパ オランダ ロッテルダム
41%
アメリカ アメリカ ワシントンD.C.
41%
アジア 韓国 光州
40%
ヨーロッパ フランス リヨン
40%
ヨーロッパ イタリア ナポリ
40%
アメリカ アメリカ フィラデルフィア
40%
アメリカ エクアドル キト
40%
アジア 中国 青島
39%
アジア 中国/台港澳 桃園
39%
アメリカ アメリカ マイアミ
39%
アジア ウズベキスタン タシュケント
38%
ヨーロッパ イギリス リバプール
38%
ヨーロッパ イタリア トリノ
38%
ヨーロッパ ドイツ ハンブルク
37%
アジア 中国 成都
36%
ヨーロッパ ドイツ ボン
36%
アジア ジョージア トビリシ
33%
ヨーロッパ イギリス グラスゴー
33%
アジア インド ベンガルール
32%
アメリカ ベネズエラ カラカス
31%
ヨーロッパ ドイツ ケルン
30%
アフリカ ナイジェリア アブジャ
30%
アメリカ アメリカ アトランタ
29%
アジア 中国 厦門
28%
アジア 中国 ウルムチ
28%
アジア アルメニア エレバン
28%
アジア 中国 長春
27%
アジア 中国 福州
27%
アジア トルコ イズミル
26%
ヨーロッパ ベルギー アントウェルペン
26%
アジア カザフスタン アルマトイ
25%
ヨーロッパ ドイツ デュッセルドルフ
25%
アジア 中国 蘇州
24%
アジア ロシア エカテリンブルク
24%
アジア 中国 瀋陽
23%
アジア インド ハイデラバード
23%
ヨーロッパ スペイン バレンシア
23%
ヨーロッパ ウクライナ ハルキウ
23%
アメリカ ベネズエラ バレンシア
23%
アジア 中国 昆明
22%
アジア イラン イスファハーン
22%
アメリカ ドミニカ共和国 サント・ドミンゴ
22%
アジア インド チェンナイ
21%
アジア パキスタン ラホール
21%
ヨーロッパ イタリア ジェノバ
21%
アジア 中国 寧波
20%
ヨーロッパ フランス トゥールーズ
20%
ヨーロッパ ドイツ ドルトムント
20%
ヨーロッパ ロシア カザン
19%
アジア 中国 石家荘
18%
ヨーロッパ ドイツ ハノーファー
18%
ヨーロッパ ドイツ シュトゥットガルト
18%
ヨーロッパ スペイン セビーリャ
18%
ヨーロッパ ロシア ヴォルゴグラード
18%
アメリカ アメリカ ボルチモア
18%
アジア ロシア ノヴォシビルスク
17%
ヨーロッパ ドイツ ニュルンベルク
17%
アジア インド アフマダーバード
16%
アジア 中国 済南
15%
アジア 中国 洛陽
15%
アジア 中国 長沙
15%
アジア 中国 フフホト
14%
アジア 中国 鄭州
14%
アジア 中国 温州
14%
アジア 中国 南寧
14%
アメリカ カナダ エドモントン
14%
アジア 中国 合肥
13%
アメリカ アメリカ ニューアーク
13%
アメリカ コロンビア メデジン
13%
アジア イラン シーラーズ
12%
ヨーロッパ フランス リール
12%
アメリカ メキシコ グアダラハラ
12%
アジア 中国 仏山
11%
アジア 中国 蘭州
11%
アジア インド ジャイプール
11%
アジア イラン タブリーズ
11%
アジア トルコ ブルサ
11%
ヨーロッパ スペイン ビルバオ
11%
ヨーロッパ スイス ローザンヌ
11%
ヨーロッパ ウクライナ ドニプロ
11%
アジア 中国 太原
10%
アメリカ メキシコ モンテレイ
10%
アジア 中国 無錫
9%
アジア 中国 徐州
9%
アジア 中国 南昌
9%
アジア 中国 東莞
9%
アジア イラン マシュハド
9%
アジア イスラエル ハイファ
9%
アジア 中国 南通
8%
アジア トルコ アダナ
8%
ヨーロッパ イギリス ニューカッスル
8%
ヨーロッパ ドイツ エッセン
8%
アメリカ アメリカ ホノルル
8%
アメリカ ベネズエラ マラカイボ
8%
アメリカ ブラジル ポルト・アレグレ
8%
アジア 中国 常州
7%
アジア インドネシア パレンバン
7%
アジア インド プネー
7%
ヨーロッパ ロシア ニジニ・ノヴゴロド
7%
ヨーロッパ ロシア サマーラ
7%
アメリカ ブラジル レシフェ
7%
アジア 中国 台州
6%
アジア インド ラクナウ
6%
ヨーロッパ スペイン パルマ
6%
アジア 中国 紹興
5%
アジア インド アーグラ
5%
アジア インド ナーグプル
5%
ヨーロッパ フランス レンヌ
5%
ヨーロッパ ドイツ マンハイム
5%
アメリカ アメリカ クリーブランド
5%
アメリカ アメリカ サンフアン
5%
アメリカ ブラジル ベロ・オリゾンテ
5%
アジア インド コーチ
4%
ヨーロッパ ベルギー シャルルロワ
4%
ヨーロッパ ドイツ デュースブルク
4%
ヨーロッパ イタリア カターニア
4%
アメリカ チリ バルパライソ
4%
アメリカ ブラジル サルヴァドール
4%
アジア 中国 金華
3%
アジア インド カーンプル
3%
ヨーロッパ ドイツ ビーレフェルト
3%
アメリカ ブラジル フォルタレザ
3%
ヨーロッパ ドイツ ボーフム
2%
ヨーロッパ イタリア ブレシア
2%
ヨーロッパ ウクライナ クルィヴィーイ・リーフ
2%
ヨーロッパ ドイツ ミュールハイム
1%
No matching quizzes found
Score Distribution
Percent of People with Each Score
Percentile by Number Answered
Your Score History
You have not taken this quiz since the last reset